How to avoid property tax (Record no. 105643)
[ view plain ]
| 000 -LEADER | |
|---|---|
| fixed length control field | 01200cam a2200265 4500 |
| 001 - CONTROL NUMBER | |
| control field | ##L134298 |
| 008 - FIXED-LENGTH DATA ELEMENTS--GENERAL INFORMATION | |
| fixed length control field | 060725n2006 000 0 eng u |
| 020 ## - INTERNATIONAL STANDARD BOOK NUMBER | |
| International Standard Book Number | 1904608396 |
| 035 ## - SYSTEM CONTROL NUMBER | |
| System control number | (Sirsi) u134298 |
| 041 0# - LANGUAGE CODE | |
| Language code of text/sound track or separate title | eng |
| 050 04 - LIBRARY OF CONGRESS CALL NUMBER | |
| Classification number | 336.2 $2 18 |
| 100 1# - MAIN ENTRY--PERSONAL NAME | |
| Personal name | Bayley, Carl |
| 245 00 - TITLE STATEMENT | |
| Title | How to avoid property tax |
| 250 ## - EDITION STATEMENT | |
| Edition statement | 8th ed. |
| 260 ## - PUBLICATION, DISTRIBUTION, ETC. | |
| Place of publication, distribution, etc. | Kirkcaldy |
| Name of publisher, distributor, etc. | Taxcafe UK Limited |
| Date of publication, distribution, etc. | 2006 |
| 300 ## - PHYSICAL DESCRIPTION | |
| Extent | 282p. |
| Dimensions | 24cm. |
| 350 ## - PRICE (NR) (BK AM CF MU VM SE) [OBSOLETE] | |
| Price | 24.95 |
| 505 2# - FORMATTED CONTENTS NOTE | |
| Formatted contents note | Introduction -- Scope of this guide -- What is property tax? -- What kind of property investor are you? -- How to avoid income tax -- Avoiding income tax on a property investment business -- How to avoid tax on a property trade -- How to avoid capital gains tax -- Other taxes to watch out for -- Advanced tax planning -- Planning with more complex structures. |
| 520 ## - SUMMARY, ETC. | |
| Summary, etc. | A practical guide to saving income tax and capital gains tax on property investments and dealings. Aimed at all types of property investor, from buy-to-let landlord to amateur property developer to second home owners. |
| 520 ## - SUMMARY, ETC. | |
| Summary, etc. | Superseded by 9th ed. |
| 651 #4 - SUBJECT ADDED ENTRY--GEOGRAPHIC NAME | |
| Geographic name | United Kingdom |
| Chronological subdivision | |
| 690 ## - LOCAL SUBJECT ADDED ENTRY--TOPICAL TERM (OCLC, RLIN) | |
| Topical term or geographic name as entry element | PROPERTY-PROPERTY TAXATION |
| 942 ## - ADDED ENTRY ELEMENTS (KOHA) | |
| Suppress in OPAC | 0 |
| Withdrawn status | Lost status | Source of classification or shelving scheme | Damaged status | Not for loan | Home library | Current library | Shelving location | Date acquired | Cost, normal purchase price | Total Checkouts | Full call number | Barcode | Date last seen | Date last checked out | Copy number | Cost, replacement price | Price effective from | Koha item type |
|---|---|---|---|---|---|---|---|---|---|---|---|---|---|---|---|---|---|---|
| Dewey Decimal Classification | London | London | Basement | 31/08/2006 | 24.95 | 8 | RESERVE SHELF 443 | 30073227 | 06/08/2019 | 22/11/2007 | 2 | 24.95 | 06/08/2019 | Book | ||||
| Dewey Decimal Classification | London | London | Basement | 31/01/2007 | 24.95 | 6 | RESERVE SHELF 443 | 30073602 | 06/08/2019 | 11/12/2007 | 4 | 24.95 | 06/08/2019 | Book |